<?xml version="1.0" encoding="UTF-8"?>
<record
    xmlns:xsi="http://www.w3.org/2001/XMLSchema-instance"
    xsi:schemaLocation="http://www.loc.gov/MARC21/slim http://www.loc.gov/standards/marcxml/schema/MARC21slim.xsd"
    xmlns="http://www.loc.gov/MARC21/slim">

  <leader>00426nam a22001577a 4500</leader>
  <controlfield tag="003">SGT</controlfield>
  <datafield tag="020" ind1=" " ind2=" ">
    <subfield code="a">9789389043204</subfield>
  </datafield>
  <datafield tag="082" ind1=" " ind2=" ">
    <subfield code="a">616.462</subfield>
    <subfield code="b">M19R</subfield>
  </datafield>
  <datafield tag="100" ind1=" " ind2=" ">
    <subfield code="a">RASTOGI, RAJIV</subfield>
  </datafield>
  <datafield tag="245" ind1=" " ind2=" ">
    <subfield code="a">MADHUMEHA PRABANDHAN KE LIYE YOGA EVAM PRAKIRTIK CHIKITSHA</subfield>
  </datafield>
  <datafield tag="260" ind1=" " ind2=" ">
    <subfield code="a">NEW DELHI</subfield>
    <subfield code="b">SATYAM PUB.</subfield>
    <subfield code="c">2019</subfield>
  </datafield>
  <datafield tag="300" ind1=" " ind2=" ">
    <subfield code="a">92</subfield>
  </datafield>
  <datafield tag="650" ind1=" " ind2=" ">
    <subfield code="a">NATUROPATHY</subfield>
  </datafield>
  <datafield tag="653" ind1=" " ind2=" ">
    <subfield code="a">MADHUMEHA, PRABANDHAN ,  YOGA , PRAKIRTIK , CHIKITSHA</subfield>
  </datafield>
  <datafield tag="942" ind1=" " ind2=" ">
    <subfield code="2">ddc</subfield>
    <subfield code="c">BK</subfield>
    <subfield code="0">1</subfield>
  </datafield>
  <datafield tag="952" ind1=" " ind2=" ">
    <subfield code="0">0</subfield>
    <subfield code="1">0</subfield>
    <subfield code="2">ddc</subfield>
    <subfield code="4">0</subfield>
    <subfield code="5">1</subfield>
    <subfield code="7">0</subfield>
    <subfield code="8">FA</subfield>
    <subfield code="a">APL</subfield>
    <subfield code="b">APL</subfield>
    <subfield code="c">REF</subfield>
    <subfield code="d">2023-08-01</subfield>
    <subfield code="e">ABC PVT.</subfield>
    <subfield code="g">400.00</subfield>
    <subfield code="i">SGTU</subfield>
    <subfield code="o">616.462 M19R</subfield>
    <subfield code="p">FA11766</subfield>
    <subfield code="r">2023-08-01 00:00:00</subfield>
    <subfield code="w">2023-06-16</subfield>
    <subfield code="y">BK</subfield>
    <subfield code="k">16908</subfield>
  </datafield>
  <datafield tag="952" ind1=" " ind2=" ">
    <subfield code="0">0</subfield>
    <subfield code="1">0</subfield>
    <subfield code="2">ddc</subfield>
    <subfield code="4">0</subfield>
    <subfield code="7">0</subfield>
    <subfield code="8">FA</subfield>
    <subfield code="a">APL</subfield>
    <subfield code="b">APL</subfield>
    <subfield code="c">TXT</subfield>
    <subfield code="d">2023-08-01</subfield>
    <subfield code="e">ABC PVT.</subfield>
    <subfield code="g">400.00</subfield>
    <subfield code="i">SGTU</subfield>
    <subfield code="l">1</subfield>
    <subfield code="o">616.462 M19R</subfield>
    <subfield code="p">FA11767</subfield>
    <subfield code="r">2023-11-22 00:00:00</subfield>
    <subfield code="s">2023-11-08</subfield>
    <subfield code="w">2023-06-16</subfield>
    <subfield code="y">BK</subfield>
    <subfield code="k">16908</subfield>
  </datafield>
  <datafield tag="952" ind1=" " ind2=" ">
    <subfield code="0">0</subfield>
    <subfield code="1">0</subfield>
    <subfield code="2">ddc</subfield>
    <subfield code="4">0</subfield>
    <subfield code="7">0</subfield>
    <subfield code="8">FA</subfield>
    <subfield code="a">APL</subfield>
    <subfield code="b">APL</subfield>
    <subfield code="c">TXT</subfield>
    <subfield code="d">2023-08-01</subfield>
    <subfield code="e">ABC PVT.</subfield>
    <subfield code="g">400.00</subfield>
    <subfield code="i">SGTU</subfield>
    <subfield code="l">0</subfield>
    <subfield code="o">616.462 M19R</subfield>
    <subfield code="p">FA11768</subfield>
    <subfield code="r">2023-08-01 00:00:00</subfield>
    <subfield code="w">2023-06-16</subfield>
    <subfield code="y">BK</subfield>
    <subfield code="k">16908</subfield>
  </datafield>
  <datafield tag="952" ind1=" " ind2=" ">
    <subfield code="0">0</subfield>
    <subfield code="1">0</subfield>
    <subfield code="2">ddc</subfield>
    <subfield code="4">0</subfield>
    <subfield code="7">0</subfield>
    <subfield code="8">FA</subfield>
    <subfield code="a">APL</subfield>
    <subfield code="b">APL</subfield>
    <subfield code="c">TXT</subfield>
    <subfield code="d">2023-08-01</subfield>
    <subfield code="e">ABC PVT.</subfield>
    <subfield code="g">400.00</subfield>
    <subfield code="i">SGTU</subfield>
    <subfield code="l">0</subfield>
    <subfield code="o">616.462 M19R</subfield>
    <subfield code="p">FA11769</subfield>
    <subfield code="r">2023-08-01 00:00:00</subfield>
    <subfield code="w">2023-06-16</subfield>
    <subfield code="y">BK</subfield>
    <subfield code="k">16908</subfield>
  </datafield>
  <datafield tag="952" ind1=" " ind2=" ">
    <subfield code="0">0</subfield>
    <subfield code="1">0</subfield>
    <subfield code="2">ddc</subfield>
    <subfield code="4">0</subfield>
    <subfield code="7">0</subfield>
    <subfield code="8">FA</subfield>
    <subfield code="a">APL</subfield>
    <subfield code="b">APL</subfield>
    <subfield code="c">TXT</subfield>
    <subfield code="d">2023-08-01</subfield>
    <subfield code="e">ABC PVT.</subfield>
    <subfield code="g">400.00</subfield>
    <subfield code="i">SGTU</subfield>
    <subfield code="l">0</subfield>
    <subfield code="o">616.462 M19R</subfield>
    <subfield code="p">FA11770</subfield>
    <subfield code="r">2023-08-01 00:00:00</subfield>
    <subfield code="w">2023-06-16</subfield>
    <subfield code="y">BK</subfield>
    <subfield code="k">16908</subfield>
  </datafield>
  <datafield tag="952" ind1=" " ind2=" ">
    <subfield code="0">0</subfield>
    <subfield code="1">0</subfield>
    <subfield code="2">ddc</subfield>
    <subfield code="4">0</subfield>
    <subfield code="7">0</subfield>
    <subfield code="8">FA</subfield>
    <subfield code="a">APL</subfield>
    <subfield code="b">APL</subfield>
    <subfield code="c">TXT</subfield>
    <subfield code="d">2023-08-01</subfield>
    <subfield code="e">ABC PVT.</subfield>
    <subfield code="g">400.00</subfield>
    <subfield code="i">SGTU</subfield>
    <subfield code="l">0</subfield>
    <subfield code="o">616.462 M19R</subfield>
    <subfield code="p">FA11771</subfield>
    <subfield code="r">2023-08-01 00:00:00</subfield>
    <subfield code="w">2023-06-16</subfield>
    <subfield code="y">BK</subfield>
    <subfield code="k">16908</subfield>
  </datafield>
  <datafield tag="952" ind1=" " ind2=" ">
    <subfield code="0">0</subfield>
    <subfield code="1">0</subfield>
    <subfield code="2">ddc</subfield>
    <subfield code="4">0</subfield>
    <subfield code="7">0</subfield>
    <subfield code="8">FA</subfield>
    <subfield code="a">APL</subfield>
    <subfield code="b">APL</subfield>
    <subfield code="c">TXT</subfield>
    <subfield code="d">2023-08-01</subfield>
    <subfield code="e">ABC PVT.</subfield>
    <subfield code="g">400.00</subfield>
    <subfield code="i">SGTU</subfield>
    <subfield code="l">0</subfield>
    <subfield code="o">616.462 M19R</subfield>
    <subfield code="p">FA11772</subfield>
    <subfield code="r">2023-08-01 00:00:00</subfield>
    <subfield code="w">2023-06-16</subfield>
    <subfield code="y">BK</subfield>
    <subfield code="k">16908</subfield>
  </datafield>
  <datafield tag="952" ind1=" " ind2=" ">
    <subfield code="0">0</subfield>
    <subfield code="1">0</subfield>
    <subfield code="2">ddc</subfield>
    <subfield code="4">0</subfield>
    <subfield code="7">0</subfield>
    <subfield code="8">FA</subfield>
    <subfield code="a">APL</subfield>
    <subfield code="b">APL</subfield>
    <subfield code="c">TXT</subfield>
    <subfield code="d">2023-08-01</subfield>
    <subfield code="e">ABC PVT.</subfield>
    <subfield code="g">400.00</subfield>
    <subfield code="i">SGTU</subfield>
    <subfield code="l">0</subfield>
    <subfield code="o">616.462 M19R</subfield>
    <subfield code="p">FA11773</subfield>
    <subfield code="r">2023-08-01 00:00:00</subfield>
    <subfield code="w">2023-06-16</subfield>
    <subfield code="y">BK</subfield>
    <subfield code="k">16908</subfield>
  </datafield>
  <datafield tag="952" ind1=" " ind2=" ">
    <subfield code="0">0</subfield>
    <subfield code="1">0</subfield>
    <subfield code="2">ddc</subfield>
    <subfield code="4">0</subfield>
    <subfield code="7">0</subfield>
    <subfield code="8">FA</subfield>
    <subfield code="a">APL</subfield>
    <subfield code="b">APL</subfield>
    <subfield code="c">TXT</subfield>
    <subfield code="d">2023-08-01</subfield>
    <subfield code="e">ABC PVT.</subfield>
    <subfield code="g">400.00</subfield>
    <subfield code="i">SGTU</subfield>
    <subfield code="l">0</subfield>
    <subfield code="o">616.462 M19R</subfield>
    <subfield code="p">FA11774</subfield>
    <subfield code="r">2023-08-01 00:00:00</subfield>
    <subfield code="w">2023-06-16</subfield>
    <subfield code="y">BK</subfield>
    <subfield code="k">16908</subfield>
  </datafield>
  <datafield tag="952" ind1=" " ind2=" ">
    <subfield code="0">0</subfield>
    <subfield code="1">0</subfield>
    <subfield code="2">ddc</subfield>
    <subfield code="4">0</subfield>
    <subfield code="7">0</subfield>
    <subfield code="8">FA</subfield>
    <subfield code="a">APL</subfield>
    <subfield code="b">APL</subfield>
    <subfield code="c">TXT</subfield>
    <subfield code="d">2023-08-01</subfield>
    <subfield code="e">ABC PVT.</subfield>
    <subfield code="g">400.00</subfield>
    <subfield code="i">SGTU</subfield>
    <subfield code="l">0</subfield>
    <subfield code="o">616.462 M19R</subfield>
    <subfield code="p">FA11775</subfield>
    <subfield code="r">2023-08-01 00:00:00</subfield>
    <subfield code="w">2023-06-16</subfield>
    <subfield code="y">BK</subfield>
    <subfield code="k">16908</subfield>
  </datafield>
  <datafield tag="999" ind1=" " ind2=" ">
    <subfield code="c">24519</subfield>
    <subfield code="d">24519</subfield>
  </datafield>
</record>
